|
|
|
|
| LEADER |
01108nam a2200253 a 4500 |
| 001 |
16790900 |
| 008 |
130402s2012 maua b 001 0 eng d |
| 010 |
|
|
|a 2011021281
|
| 020 |
|
|
|a 9780205172863
|
| 040 |
|
|
|a DLC
|c DLC
|d BD-DhAAL
|
| 082 |
0 |
0 |
|a 808.0427
|2 23
|
| 100 |
1 |
|
|a Goshgarian, Gary.
|
| 245 |
0 |
0 |
|a Exploring language /
|c Gary Goshgarian.
|
| 250 |
|
|
|a 13th ed.
|
| 260 |
|
|
|a Boston :
|b Pearson/Longman,
|c 2012.
|
| 300 |
|
|
|a xxii, 538 p. :
|b ill. ;
|c 24 cm.
|
| 500 |
|
|
|a Includes bibliographical references and index.
|
| 541 |
|
|
|e 00026774
|
| 650 |
|
0 |
|a Language and languages.
|
| 650 |
|
0 |
|a English language
|z United States.
|
| 852 |
1 |
|
|a Ayesha Abed Library
|c General shelf.
|
| 999 |
|
|
|c 13270
|d 13270
|
| 952 |
|
|
|0 0
|1 0
|2 ddc
|4 0
|6 808_042700000000000_GOS
|7 0
|9 22156
|a BRACUL
|b BRACUL
|c GEN
|d 2013-04-02
|e Parama Publishers and Distributors
|g 5233.42
|l 2
|o 808.0427 GOS
|p 3010026774
|r 2022-08-01
|s 2022-07-24
|t 1
|w 2013-04-02
|y BK
|
| 952 |
|
|
|0 0
|1 0
|2 ddc
|4 0
|6 808_042700000000000_GOS
|7 0
|9 22157
|a BRACUL
|b BRACUL
|c GEN
|d 2013-04-02
|e Parama Publishers and Distributors
|g 5233.42
|l 0
|o 808.0427 GOS
|p 3010026775
|r 2013-04-02
|t 2
|w 2013-04-02
|y BK
|